Fostering Multidisciplinary Research for Sustainability/ (Record no. 216670)

MARC details
000 -LEADER
fixed length control field 00719nam a2200205 4500
005 - DATE AND TIME OF LATEST TRANSACTION
control field 20260615164258.0
010 ## - LCCN (DPL NO)
LC control number ENG-148858
020 ## - INTERNATIONAL STANDARD BOOK NUMBER
International Standard Book Number 9789389934779
Terms of availability 850.00
035 ## - SYSTEM CONTROL NUMBER
System control number EN-132390
037 ## - SOURCE OF ACQUISITION
Source of stock number/acquisition DBAD
082 ## - DEWEY DECIMAL CLASSIFICATION NUMBER
Classification number 001.42
Edition number 1
245 ## - TITLE STATEMENT
Title Fostering Multidisciplinary Research for Sustainability/
Statement of responsibility, etc Edited By Santosh Dhar; Upinder Dhar [and] Aditi Veda
260 ## - PUBLICATION, DISTRIBUTION, ETC. (IMPRINT)
Place of publication, distribution, etc Noida
Name of publisher, distributor, etc Allied publishers Pvt. Ltd
Date of publication, distribution, etc 2024
270 ## - ADDRESS
Address D-5,Sector-2, Nodia.
City Noida
Postal code 201301
Electronic mail address delhi.books@alliedpublishers.com
300 ## - PHYSICAL DESCRIPTION
Extent 246p
Dimensions 25cm(hb)
Other physical details Index
700 ## - ADDED ENTRY--PERSONAL NAME
Personal name Dhar, Santosh
Relator term Editor
9 (RLIN) 89394
700 ## - ADDED ENTRY--PERSONAL NAME
Personal name Dhar, Upinder
Relator term Editor
700 ## - ADDED ENTRY--PERSONAL NAME
Personal name Veda, Aditi
Relator term Editor
9 (RLIN) 89395
942 ## - ADDED ENTRY ELEMENTS (KOHA)
Source of classification or shelving scheme Dewey Decimal Classification
Item type English Books
Classification part 001.42
Call number suffix FOS
Holdings
Withdrawn status Lost status Not for loan Collection code Home library Current library Date acquired Source of acquisition Cost, normal purchase price Full call number Barcode Copy number Cost, replacement price Koha item type
    Not For Loan Non-fiction D.B.Act.Division D.B.Act.Division 15/06/2026 Delivery of Books Act Division 850.00 001.42 FOS EN-132390 1 850.00 English Books

© Delhi Public Library
Hit Counter
free hit counter